000 01761cam a2200181 4500500
005 20251228094946.0
041 _afre
042 _adc
100 1 0 _aLe Moing, Monique
_eauthor
245 0 0 _aJérôme Ferrari, Le Sermon sur la chute de Rome, Arles, Actes Sud, 2012, 202 pages
260 _c2013.
500 _a74
520 _aL’étrange destin éditorial de l’enquête holmésienne intitulée La Boîte en carton, une aventure d’itinéraires complexes et détournés, permet de distinguer entre le sens caché du secret et l’absence de sens de l’énigme. La boîte, que l’on cache et où l’on cache, apparaît ainsi comme une représentation de l’énigme fondée sur la dichotomie du concret observable et de l’insaisissable.
520 _aThe strange editorial destiny of the Holmesian investigation titled The Adventure of the Cardboard Box, an adventure of complex and misleading paths, allows us to distinguish between the hidden meaning of the secret and the absence of the enigma’s meaning.The box, which one hides and where one hides, appears thus as a representation of the enigma founded on the dichotomy between the observable concrete and the unattainable.
520 _aO estranho destino editorial da investigação holmesiana intitulada A Caixa de papelão, uma aventura tecida de itinerários labirínticos e complexos, permite distinguir o sentido oculto do secreto da ausência de sentido do enigma. A caixa que esconde e que é escondida surge assim como uma representação do enigma fundado na dicotomia entre o tangível e o intangível.
786 0 _nSigila | 31 | 1 | 2013-03-01 | p. 159c-162c | 1286-1715
856 4 1 _uhttps://shs.cairn.info/revue-sigila-2013-1-page-159c?lang=fr&redirect-ssocas=7080
999 _c1605210
_d1605210